Operations Research An Introduction 5e (Record no. 327215)

000 -LEADER
fixed length control field 00357 a2200145 4500
001 - CONTROL NUMBER
control field 92142
082 ## - DEWEY DECIMAL CLASSIFICATION NUMBER
Classification number 658.57 TAH
090 ## - LOCALLY ASSIGNED LC-TYPE CALL NUMBER (OCLC); LOCAL CALL NUMBER (RLIN)
-- 44103
-- 44102
100 ## - MAIN ENTRY--PERSONAL NAME
Personal name Hamdy A Taha
245 ## - TITLE STATEMENT
Title Operations Research An Introduction 5e
250 ## - EDITION STATEMENT
Edition statement 5
260 ## - PUBLICATION, DISTRIBUTION, ETC.
Place of publication, distribution, etc. UK
Name of publisher, distributor, etc. Prentice Hall International
Date of publication, distribution, etc. 1996
300 ## - PHYSICAL DESCRIPTION
Extent xix, 822p.
Other physical details Pb
500 ## - GENERAL NOTE
General note General Book
942 ## - ADDED ENTRY ELEMENTS (KOHA)
Institution code [OBSOLETE] CAE NUST
Call number prefix 670.28563 DAG
Holdings
Withdrawn status Lost status Damaged status Not for loan Collection code Permanent Location Current Location Date acquired Total Checkouts Full call number Barcode Date last seen Price effective from Koha item type
          College of Aeronautical Engineering (CAE) College of Aeronautical Engineering (CAE) 04/03/2017   670.28563 DAG CAEG-9938 04/05/2017 04/05/2017 Book
© 2023 Central Library, National University of Sciences and Technology. All Rights Reserved.